| 000 | 00741nam a22002417a 4500 | ||
|---|---|---|---|
| 005 | 20170124110026.0 | ||
| 010 | _aA-314439 | ||
| 020 |
_c00.00 _a0046582576 |
||
| 035 | _aA-314439 | ||
| 037 | _bCen Lib/Ret | ||
| 040 |
_aDPL _bEN |
||
| 082 |
_a658.8 _bMAJ |
||
| 100 |
_dMajaro, Simon _920685 |
||
| 245 |
_aInternational marketing : _cby Simon Majaro _ba strategic approach to world markets / |
||
| 250 | _a2nd ed | ||
| 260 |
_aLondon _bGeorge Allen & Unwin _c1982 |
||
| 270 |
_bLondon _a40 museum street |
||
| 300 |
_a307p. _c21cm(Hb) |
||
| 500 | _aIncludes bibliographical references and index | ||
| 650 |
_aExport marketing _97864 |
||
| 650 |
_aManagement development _920686 |
||
| 942 |
_2ddc _cEN _h658.8 _mMAJ |
||
| 999 |
_c127507 _d127507 |
||